00241 a2200121 4500001000700000020000600007040001100013100003200024240002400056245001900080362000900099440001100108170226 a  cMagnum aAndrade, Carlos Drummond de10aOs dias lindoslpor10aOs dias lindos0 a1899 1aRecord